000 00206nam a22000857a 4500
008 170302b xxu||||| |||| 00| 0 eng d
100 _93014
_aTortora.G.J
245 _aSurface Anotamy
260 _aJohn
_bWiley
_c2004
999 _c6257
_d6257